[Event "BRA-ch U26"]
[Site "Goiania"]
[Date "2017.10.21"]
[Round "5"]
[White "De Melo, Tiago Rosa"]
[Black "Muniz, Francisco Allysson"]
[Result "1-0"]
[WhiteElo "1951"]
[BlackElo "2061"]
[PlyCount "83"]
[EventDate "2017.10.19"]
[EventType "swiss"]
[EventRounds "7"]
[EventCountry "BRA"]
[SourceTitle "CBM 181 Extra"]
[Source "ChessBase"]
[SourceDate "2017.12.12"]
[SourceVersion "1"]
[SourceVersionDate "2017.12.12"]
[SourceQuality "1"]

1. e4 e6 2. d4 d5 3. Nc3 Nf6 4. Bg5 Be7 5. e5 Nfd7 6. Bxe7 Qxe7 7. f4 a6 8. Nf3 c5 9. dxc5 Nxc5 10. Qd2 Nc6 11. 0-0-0 b5 12. Bd3 Bd7 13. Qf2 Rc8 14. Kb1 Nb4 15. Ne2 Qd8 16. Ned4 h6 17. g4 Ncxd3 18. cxd3 Qb6 19. h4 Rc7 20. h5 a5 21. g5 a4 22. Qg2 Rf8 23. Qd2 Na6 24. Rc1 b4 25. Rhg1 Rc5 26. gxh6 gxh6 27. f5 exf5 28. e6 Rxc1+ 29. Qxc1 fxe6 30. Qxh6 a3 31. Qg6+ Kd8 32. Qg7 Re8 33. Ne5 Re7 34. Qg8+ Re8 35. Qg7 Nb8 36. Rc1 axb2 37. Qf6+ Re7 38. Qf8+ Be8 39. Ndc6+ Kc7 40. Qxe7+ Bd7 41. Qd8+ Kd6 42. Nf7# 1-0

[Event "Santa Catarina op"]
[Site "Icara"]
[Date "2017.07.02"]
[Round "7"]
[White "De Melo, Tiago Rosa"]
[Black "Borges, Guilherme Deola"]
[Result "0-1"]
[WhiteElo "1974"]
[BlackElo "2195"]
[PlyCount "86"]
[EventDate "2017.06.29"]
[EventType "swiss"]
[EventRounds "7"]
[EventCountry "BRA"]
[SourceTitle "CBM 179 Extra"]
[Source "ChessBase"]
[SourceDate "2017.08.23"]
[SourceVersion "1"]
[SourceVersionDate "2017.08.23"]
[SourceQuality "1"]

1. e4 c5 2. Nf3 e6 3. d4 cxd4 4. Nxd4 Nc6 5. Nc3 Qc7 6. f4 a6 7. Nxc6 Qxc6 8. Bd3 b5 9. 0-0 Bb7 10. Qe2 Nf6 11. e5 b4 12. Nd1 Nd5 13. Be4 Bc5+ 14. Kh1 Qb6 15. Nf2 0-0 16. Nd3 Be7 17. f5 exf5 18. Bxf5 d6 19. e6 fxe6 20. Bxe6+ Kh8 21. Bd2 Bf6 22. Bxd5 Bxd5 23. Nxb4 Bb7 24. Nd3 Rae8 25. Qf2 Qc6 26. c3 Qb5 27. Nf4 Be5 28. Qg3 Rf6 29. Rf2 Ref8 30. Raf1 Bxf4 31. Bxf4 g5 32. Be3 Qxf1+ 33. Rxf1 Rxf1+ 34. Bg1 Rd1 35. Qxg5 Rff1 36. Qd8+ Kg7 37. Qe7+ Kg6 38. Qe6+ Kg5 39. Qe7+ Kf4 40. Qf6+ Ke4 41. Qe6+ Kd3 42. Qxd6+ Kc2 43. Qb6 Rxg1+ 0-1

[Event "Santa Catarina op"]
[Site "Icara"]
[Date "2017.07.01"]
[Round "5"]
[White "Bitencourt, Evandro Jose dos S"]
[Black "De Melo, Tiago Rosa"]
[Result "0-1"]
[WhiteElo "1862"]
[BlackElo "1974"]
[PlyCount "106"]
[EventDate "2017.06.29"]
[EventType "swiss"]
[EventRounds "7"]
[EventCountry "BRA"]
[SourceTitle "CBM 179 Extra"]
[Source "ChessBase"]
[SourceDate "2017.08.23"]
[SourceVersion "1"]
[SourceVersionDate "2017.08.23"]
[SourceQuality "1"]

1. e4 e5 2. Nf3 Nc6 3. Bb5 a6 4. Ba4 Nf6 5. d3 d6 6. Bxc6+ bxc6 7. h3 Be7 8. 0-0 0-0 9. Re1 c5 10. Nbd2 Bb7 11. Nc4 Re8 12. b3 a5 13. a4 Bf8 14. Bd2 c6 15. Bc3 d5 16. Nb2 d4 17. Bd2 Bd6 18. Nh2 Bc8 19. Qf3 h6 20. Nf1 Nh7 21. Ng3 Re6 22. Nf5 Bc7 23. g4 Ng5 24. Qg3 g6 25. Nxh6+ Kg7 26. h4 Nh7 27. g5 Re8 28. Ng4 f6 29. gxf6+ Nxf6 30. Bh6+ Kh7 31. Nxf6+ Qxf6 32. Bg5 Qf7 33. Kg2 Rf8 34. f3 Kg7 35. Rh1 Rh8 36. Nc4 Qe6 37. Rag1 Ba6 38. Nd2 Raf8 39. Kf2 Rh5 40. Ke2 Kh7 41. Nf1 c4 42. bxc4 Rb8 43. Qg4 Qf7 44. Nd2 Rb2 45. Rc1 Ra2 46. Rhg1 Rxa4 47. Ra1 Rxa1 48. Rxa1 Kg7 49. Rb1 Rh8 50. Rh1 Bd6 51. Rb1 Bb4 52. Rg1 Bd6 53. Rf1 Bc8 0-1

[Event "Santa Catarina op"]
[Site "Icara"]
[Date "2017.07.01"]
[Round "4"]
[White "De Melo, Tiago Rosa"]
[Black "De Souza, Lucio Teixeira"]
[Result "1/2-1/2"]
[WhiteElo "1974"]
[BlackElo "1800"]
[PlyCount "24"]
[EventDate "2017.06.29"]
[EventType "swiss"]
[EventRounds "7"]
[EventCountry "BRA"]
[SourceTitle "CBM 179 Extra"]
[Source "ChessBase"]
[SourceDate "2017.08.23"]
[SourceVersion "1"]
[SourceVersionDate "2017.08.23"]
[SourceQuality "1"]

1. e4 c5 2. Nf3 d6 3. d4 cxd4 4. Nxd4 Nf6 5. Nc3 a6 6. Bg5 e6 7. g3 h6 8. Bh4 Be7 9. Qf3 Qc7 10. 0-0-0 Nbd7 11. Bd3 g5 12. Bxg5 hxg5 1/2-1/2

[Event "BRA-ch U18"]
[Site "Itajai"]
[Date "2017.06.02"]
[Round "3"]
[White "Soares, Joao Carlos TC"]
[Black "De Melo, Tiago Rosa"]
[Result "1-0"]
[WhiteElo "1869"]
[BlackElo "1974"]
[PlyCount "135"]
[EventDate "2017.06.01"]
[EventType "swiss"]
[EventRounds "6"]
[EventCountry "BRA"]
[SourceTitle "CBM 179 Extra"]
[Source "ChessBase"]
[SourceDate "2017.08.23"]
[SourceVersion "1"]
[SourceVersionDate "2017.08.23"]
[SourceQuality "1"]

1. e4 e5 2. Nf3 Nc6 3. Bb5 a6 4. Ba4 Nf6 5. 0-0 Be7 6. Re1 b5 7. Bb3 d6 8. c3 0-0 9. h3 Nb8 10. d4 Nbd7 11. c4 Bb7 12. Nc3 c6 13. a3 Qc7 14. Bg5 Rac8 15. Rc1 exd4 16. Nxd4 Nc5 17. Ba2 h6 18. Bf4 Qd7 19. Nf5 Rcd8 20. Qf3 Ne6 21. Be3 Kh7 22. Bb1 Kh8 23. b3 Nh7 24. h4 Bf6 25. Bb6 Rc8 26. Rcd1 Be5 27. c5 Rce8 28. Nxd6 Nd4 29. Qe3 Ne6 30. Nxe8 Qxe8 31. Ne2 Qe7 32. g3 g5 33. Ba5 gxh4 34. Bc3 Bxc3 35. Qxc3+ Kg8 36. gxh4 Qxh4 37. Qg3+ Qxg3+ 38. Nxg3 Nxc5 39. b4 Ne6 40. Rd7 Bc8 41. Rd6 Nhg5 42. Re3 c5 43. bxc5 Nxc5 44. Rxh6 Rd8 45. Bc2 Nh3+ 46. Kf1 Nf4 47. Nf5 Be6 48. Rg3+ Ng6 49. Kg2 Kf8 50. Rc3 Nd7 51. Bb3 Bxf5 52. exf5 Kg7 53. Rh1 Nge5 54. f4 Ng4 55. Rg3 Ndf6 56. Bd1 Rd2+ 57. Kh3 Rf2 58. Bxg4 Rxf4 59. Bd1+ Kf8 60. Bc2 Rf2 61. Rh2 Rf4 62. Rd2 Nh5 63. Rc3 Ng7 64. Rd6 Nxf5 65. Bxf5 Rxf5 66. Rxa6 Kg7 67. Rg3+ Kf8 68. Ra5 1-0

[Event "BRA-ch U18"]
[Site "Itajai"]
[Date "2017.06.01"]
[Round "1"]
[White "Klein, Luan Carlos"]
[Black "De Melo, Tiago Rosa"]
[Result "1/2-1/2"]
[WhiteElo "1779"]
[BlackElo "1974"]
[PlyCount "93"]
[EventDate "2017.06.01"]
[EventType "swiss"]
[EventRounds "6"]
[EventCountry "BRA"]
[SourceTitle "CBM 179 Extra"]
[Source "ChessBase"]
[SourceDate "2017.08.23"]
[SourceVersion "1"]
[SourceVersionDate "2017.08.23"]
[SourceQuality "1"]

1. e4 e5 2. f4 exf4 3. Nf3 Nf6 4. Nc3 d5 5. e5 Nh5 6. d4 g5 7. Bd3 g4 8. 0-0 gxf3 9. Qxf3 Ng7 10. Nxd5 Be7 11. c3 Be6 12. Nxf4 Qc8 13. Nd5 Nc6 14. Nf6+ Kd8 15. Re1 Nxd4 16. cxd4 c6 17. Be3 Ne8 18. Nxh7 Nc7 19. Bg5 Nd5 20. Bxe7+ Kxe7 21. Nf6 Rh6 22. Nxd5+ Bxd5 23. Be4 Be6 24. Qa3+ Ke8 25. Qe3 Rh8 26. Qg5 Qd7 27. Rad1 Rd8 28. h3 Qc7 29. Bf5 Qe7 30. Qxe7+ Kxe7 31. Bxe6 fxe6 32. g3 Rd5 33. h4 Rhd8 34. Re4 c5 35. g4 cxd4 36. Rd3 Rc5 37. Rexd4 Rxd4 38. Rxd4 Rxe5 39. Kf2 Kf6 40. Kf3 Rc5 41. Rf4+ Kg6 42. Ke4 Ra5 43. a4 b5 44. axb5 Rxb5 45. Rf3 Rb4+ 46. Ke5 Rxg4 47. Kxe6 1/2-1/2

[Event "Florianopolis op 3rd"]
[Site "Florianopolis"]
[Date "2017.01.21"]
[Round "2"]
[White "De Melo, Tiago Rosa"]
[Black "Frankental, David"]
[Result "1/2-1/2"]
[WhiteElo "1910"]
[BlackElo "1782"]
[PlyCount "97"]
[EventDate "2017.01.20"]
[EventType "swiss"]
[EventRounds "10"]
[EventCountry "BRA"]
[SourceTitle "EXT 2018"]
[Source "ChessBase"]
[SourceDate "2017.10.13"]
[SourceVersion "1"]
[SourceVersionDate "2017.10.13"]
[SourceQuality "1"]

1. e4 e5 2. Nf3 Nf6 3. Nxe5 d6 4. Nf3 Nxe4 5. d4 d5 6. Bd3 Be7 7. 0-0 0-0 8. c4 Bf5 9. Nc3 Nxc3 10. bxc3 Bxd3 11. Qxd3 c5 12. dxc5 dxc4 13. Qxc4 Qc7 14. Be3 Rc8 15. Rfd1 Na6 16. Qg4 Nxc5 17. Rab1 Rd8 18. Bd4 Ne6 19. Qe4 Nxd4 20. cxd4 b6 21. Rbc1 Qd7 22. Ne5 Qd5 23. Qxd5 Rxd5 24. Nf3 Bf6 25. Rc7 h6 26. Kf1 Rad8 27. Rxa7 Bxd4 28. Rxd4 Rxd4 29. Nxd4 Rxd4 30. Ke2 Rb4 31. Ke3 g6 32. g3 Kg7 33. f4 h5 34. h4 Rb2 35. Ra3 Kf6 36. Ke4 Ke6 37. Ra6 Rb4+ 38. Kf3 Kf5 39. Ra7 f6 40. Ra3 Rb5 41. Rd3 Ra5 42. a3 g5 43. fxg5 fxg5 44. hxg5 Kxg5 45. Rb3 Rf5+ 46. Kg2 Ra5 47. Rxb6 Rxa3 48. Kh3 Ra4 49. Rb5+ 1/2-1/2

[Event "Florianopolis Winter U220 op"]
[Site "Florianopolis"]
[Date "2016.08.19"]
[Round "2"]
[White "De Carvalho, Christopher"]
[Black "De Melo, Tiago Rosa"]
[Result "1/2-1/2"]
[WhiteElo "2053"]
[BlackElo "1815"]
[PlyCount "142"]
[EventDate "2016.08.19"]
[EventType "swiss"]
[EventRounds "7"]
[EventCountry "BRA"]
[SourceTitle "CBM 174 Extra"]
[Source "ChessBase"]
[SourceDate "2016.10.10"]
[SourceVersion "1"]
[SourceVersionDate "2016.10.10"]
[SourceQuality "1"]

1. d4 Nf6 2. Nf3 c5 3. e3 g6 4. c3 Qc7 5. Nbd2 b6 6. Bd3 Bb7 7. 0-0 d6 8. Qc2 Bg7 9. Re1 0-0 10. b3 Nc6 11. Bb2 Rac8 12. Rac1 Rfe8 13. a3 e5 14. dxe5 dxe5 15. e4 Nh5 16. Bf1 Nf4 17. Rcd1 Rcd8 18. Nc4 Rxd1 19. Rxd1 Rd8 20. g3 Ne6 21. Ne3 Ne7 22. Rxd8+ Qxd8 23. Bc4 Qd7 24. Qd2 Qxd2 25. Nxd2 Nc7 26. f3 Kf8 27. Kf2 Nc8 28. Nd5 Nxd5 29. Bxd5 Nd6 30. c4 Ke7 31. Ke2 a6 32. f4 f6 33. Kd3 Bxd5 34. cxd5 b5 35. fxe5 fxe5 36. a4 h5 37. Ba3 Nb7 38. Nf3 Bf6 39. h3 Kd6 40. g4 Nd8 41. Ne1 hxg4 42. hxg4 Bh4 43. Nf3 Bf6 44. Ke3 Nf7 45. Ne1 Bg5+ 46. Ke2 Nd8 47. Nf3 Bf6 48. Ne1 Nb7 49. Kd3 Na5 50. Kc2 Bg5 51. Nd3 Nb7 52. Kd1 Be3 53. Bb2 Bd4 54. axb5 axb5 55. Ba3 Nd8 56. Ne1 Nf7 57. Bc1 Bc3 58. Nf3 Ba5 59. Nh4 g5 60. Nf5+ Kd7 61. Ba3 Bb6 62. Bc1 Bd8 63. Ba3 Nd6 64. Nxd6 Kxd6 65. Kc2 Be7 66. Bb2 Bf6 67. Kd3 Bd8 68. Bc1 Be7 69. Bd2 Bd8 70. Bc3 Bb6 71. Be1 Bc7 1/2-1/2

[Event "BRA-ch U18"]
[Site "Itajai"]
[Date "2016.06.12"]
[Round "6"]
[White "De Melo, Tiago Rosa"]
[Black "De Lima, Lucas Correa"]
[Result "1/2-1/2"]
[WhiteElo "1757"]
[BlackElo "1750"]
[PlyCount "96"]
[EventDate "2016.06.09"]
[EventType "swiss"]
[EventRounds "6"]
[EventCountry "BRA"]
[SourceTitle "CBM 172 Extra"]
[Source "ChessBase"]
[SourceDate "2016.06.21"]
[SourceVersion "1"]
[SourceVersionDate "2016.06.21"]
[SourceQuality "1"]

1. e4 e5 2. Nf3 Nc6 3. Bb5 a6 4. Bxc6 dxc6 5. 0-0 Bg4 6. d3 Bd6 7. Be3 Ne7 8. h3 Bh5 9. Nbd2 0-0 10. g4 Bg6 11. Nc4 f6 12. Nh4 Bf7 13. Nd2 g5 14. Nf5 Nxf5 15. exf5 Kg7 16. Ne4 Bd5 17. f3 Bxe4 18. fxe4 c5 19. Kg2 Rh8 20. Rh1 Qe7 21. h4 h6 22. Qf3 Rag8 23. Rh2 Rh7 24. Rah1 Rgh8 25. Rh3 Kg8 26. c3 Qf7 27. b3 b6 28. hxg5 hxg5 29. Rxh7 Rxh7 30. Rxh7 Qxh7 31. Qh3 Qxh3+ 32. Kxh3 Kf7 33. Kg3 Ke7 34. Kf3 Kd7 35. Ke2 Kc6 36. Kd2 Kb7 37. d4 cxd4 38. cxd4 Kc6 39. Kc3 Kd7 40. Kc4 b5+ 41. Kc3 Kc6 42. Kd3 Kd7 43. Bd2 c5 44. dxc5 Bxc5 45. Ba5 Bd6 46. Kc3 Bc5 47. Bb4 Bd4+ 48. Kc2 Kd8 1/2-1/2